[Event "SVK-ch op"]
[Site "Ruzomberok"]
[Date "2019.07.07"]
[Round "9"]
[White "Bartanus, Stanislav"]
[Black "Cernekova, Martina"]
[Result "1/2-1/2"]
[WhiteElo "1781"]
[BlackElo "1659"]
[PlyCount "125"]
[EventDate "2019.06.29"]
[EventType "swiss"]
[EventRounds "9"]
[EventCountry "SVK"]
[SourceTitle "CBM 191 Extra"]
[Source "ChessBase"]
[SourceDate "2019.09.30"]
[SourceVersion "1"]
[SourceVersionDate "2019.09.30"]
[SourceQuality "1"]

1. c4 e5 2. Nc3 Nf6 3. g3 Bb4 4. Bg2 0-0 5. d3 c6 6. Bd2 d6 7. Nf3 Bg4 8. 0-0 Nbd7 9. a3 Ba5 10. b4 Bb6 11. Rc1 a5 12. b5 d5 13. cxd5 cxd5 14. h3 Bh5 15. Bg5 Bxf3 16. Bxf3 h6 17. Bd2 Nc5 18. Na4 e4 19. Nxb6 Qxb6 20. Be3 Nfd7 21. dxe4 dxe4 22. Bxe4 Qxb5 23. Rb1 Qa6 24. Bf3 Rad8 25. Qc2 b6 26. Bc6 Rc8 27. Bb5 Qa7 28. Qb2 a4 29. Rfd1 Rfd8 30. Bxd7 Rxd7 31. Rxd7 Nxd7 32. Bxb6 Qxb6 33. Qxb6 Nxb6 34. Rxb6 Rc3 35. Ra6 Rxa3 36. Kg2 Kf8 37. Ra7 g6 38. h4 Kg7 39. Ra6 Ra1 40. Kf3 a3 41. Kg2 a2 42. Kf3 Kf8 43. Ra7 Ke8 44. Kg2 Kd8 45. Kf3 Kc8 46. Ra3 Kb7 47. Ra4 Kb6 48. Ra8 Kb5 49. Rb8+ Kc4 50. Rc8+ Kb3 51. Rb8+ Kc2 52. Rc8+ Kd1 53. Ra8 f5 54. e3 Ke1 55. Ra6 g5 56. hxg5 hxg5 57. Kg2 Ke2 58. Ra5 g4 59. Ra7 Kd3 60. Rd7+ Kc4 61. Ra7 Kb5 62. Ra8 Kb6 63. Ra3 1/2-1/2